[Event "GibChess Battle of the Sexes 2022"]
[Site "Caleta"]
[Date "2022.01.28"]
[Round "5.9"]
[White "Mammadzada, Gunay"]
[Black "Gallagher, Joseph G."]
[Result "0-1"]
[WhiteElo "2470"]
[BlackElo "2447"]
[Annotator "TA"]
[PlyCount "108"]
[EventDate "2022.01.01"]
[EventType "schev"]
[EventCountry "GGB"]
[SourceTitle "playchess.com"]
[Source "ChessBase"]
[SourceQuality "1"]

{[%evp 20,108,26,22,33,40,41,34,40,40,36,20,37,51,41,0,0,0,0,0,0,0,0,0,42,35,29,34,35,9,44,0,0,0,0,-320,-8,-8,-22,-667,-8,-8,0,-672,0,0,0,0,0,0,10,10,10,0,0,0,0,0,0,0,0,0,0,0,0,0,0,-1349,-1310,-1183,-1106,-5181,-3579,-3372,-3463,-1885,-1433,-5589,-2936,-3356,-2646,-29977,-29978,-29977,-29975,-29973,-29974,-29986,-29981,-29982,-5165]} 1. e4 c5 2. Nf3 d6 3. d4 cxd4 4. Nxd4 Nf6 5. Nc3 a6 6. Be3 Ng4 7. Bg5 h6 8. Bh4 g5 9. Bg3 Bg7 10. h3 Ne5 11. Nf5 Bxf5 {B90: Sicilian Najdorf: Unusual White 6th moves, 6 Be3 Ng4 and 6 Be3 e5.} 12. exf5 Nbc6 {[%cal Oc6d4]} 13. Nd5 $1 e6 {White is slightly better.} 14. fxe6 fxe6 15. Ne3 Qa5+ 16. c3 Nf3+ 17. gxf3 (17. Qxf3 $14 Bxc3+ 18. Kd1 Bxb2 19. Qe4 Bxa1 20. Qxe6+ Kd8 21. Qxd6+ Ke8 22. Qg6+ (22. Bc4 $2 Rd8 $19) 22... Kd8 23. Qd6+ Ke8 24. Qg6+ (24. Bc4 $2 Rd8 $19) 24... Kd8 25. Qd6+) 17... Bxc3+ $1 $11 18. bxc3 Qxc3+ 19. Qd2 Qxa1+ 20. Nd1 Qd4 21. Bd3 Rf8 (21... Ne5 $11 22. Be2 Qxd2+ 23. Kxd2 Ng6) 22. O-O $1 $14 Rxf3 23. Ne3 {[#]} Ke7 $146 {[%cal Of3g3]} ({Predecessor:} 23... Kd7 24. Rd1 Raf8 25. Qe2 Qc5 26. Be4 Nd4 27. Qd3 Rxg3+ 28. fxg3 e5 29. Kg2 b5 30. Qd2 Rc8 31. Nf5 Qc3 32. Nxd4 {1-0 (32) Giri,A (2779)-Vachier Lagrave,M (2775) Paris 2019}) 24. Kg2 {[%mdl 1024] White has compensation.} Raf8 (24... Rxg3+ $5 25. fxg3 Ne5 $11) 25. Rb1 (25. Qc2 $14 {should be considered.}) 25... b5 $11 26. Rc1 Nb4 (26... Ne5 $2 27. Rc7+ Kd8 28. Qa5 $1 Rxg3+ 29. fxg3 $18) 27. Rc3 {[%mdl 8192]} (27. Rc7+ Kd8 28. Qc1 (28. Rd7+ $2 Kc8 $19) 28... Rxf2+ $3 {[%mdl 512]} 29. Bxf2 Rxf2+ $1 {[%mdl 512]} 30. Kg1 Nxd3 $15) (27. Rd1 $1 $11) 27... Nd5 $2 ({Black should play} 27... e5 $19 {And now ...Nd5 would win.} 28. Rb3 Nd5) 28. Nxd5+ Qxd5 {Really sharp!} (28... exd5 $2 29. Qe2+ Kd7 30. Bxb5+ $1 {[%mdl 512]} axb5 31. Qxb5+ Ke6 32. Rxf3 $18) 29. Kg1 {[%mdl 8192] [#]} (29. Kh2 $11) 29... Qd4 $2 (29... Rc8 $1 $19 {[%cal Rc8c3][%mdl 512]} 30. Rb3 (30. Rxc8 $2 Rxd3 31. Rc7+ Ke8 $19) 30... e5 31. Bxe5 dxe5 32. Qb4+ Kf7) 30. Kg2 $1 Qd5 $2 {[%mdl 8192]} (30... e5 $11 31. Qc2 Ke6 32. Bc4+ bxc4 33. Rxf3 Qd5 34. Qg6+ Ke7 35. Qg7+ Rf7 36. Qxf7+ Qxf7 37. Rxf7+ Kxf7) 31. Kg1 $19 {[#]} Rxg3+ $2 32. fxg3 $11 Rf3 33. Kh2 ({Avoid the trap} 33. Rc7+ $2 Kd8 34. Rc2 Rxg3+ 35. Kh2 Qxd3 $19) 33... Qe5 (33... Qd4 $5 34. Kg2 (34. Rc7+ $2 Kd8 $19) 34... Qd5 $11) 34. Qg2 Qe3 {...Rf2 is the strong threat.} 35. Be2 Qxc3 36. Qxf3 Qxf3 37. Bxf3 {[%mdl 4096] Endgame KB-KP} Kf6 38. Kg2 Ke5 39. Bg4 b4 {Threatens to win with ...a5.} 40. Kf2 a5 {[%cal Ba6a5,Ba5a4][%mdl 32] aiming for ...a4.} 41. Ke3 d5 42. Kd3 Kd6 43. Kd4 $2 {[%mdl 8192]} (43. Bd1 $11) 43... e5+ $19 {[%cal Be6e5,Be5e4][%mdl 32]} 44. Kd3 e4+ 45. Kd4 a4 {White must now prevent ...b3.} 46. Bd1 {Prevents b3.} b3 47. a3 Kc6 48. Kc3 Kc5 {( -> ...d4+)} 49. Bh5 d4+ 50. Kb2 Kc4 {Black mates.} 51. Bf7+ {[#]} Kd3 $1 52. Bg6 Ke3 53. Bf5 Kf3 54. Kc1 b2+ {Weighted Error Value: White=0.85/Black=0.58} (54... e3 $142 55. Bd3 Kf2 56. Kd1 b2 57. Kc2 e2 58. Kxb2 e1=Q 59. Bc2 Kxg3 60. Bxa4 Kxh3 61. Kc2 g4 62. Kd3 Qe3+ 63. Kc4 Qc3+ 64. Kd5 Qa5+ 65. Bb5 Qxb5+ 66. Kxd4 g3 67. Ke4 g2 68. a4 Qc5 69. Kd3 g1=Q 70. Kd2 Qge3+ 71. Kd1 Qcc1#) 0-1

[Event "GibChess Battle of the Sexes 2022"]
[Site "Caleta"]
[Date "2022.01.28"]
[Round "5.10"]
[White "Sebag, Marie"]
[Black "Csonka, Balazs"]
[Result "1/2-1/2"]
[WhiteElo "2460"]
[BlackElo "2480"]
[Annotator "TA"]
[PlyCount "29"]
[EventDate "2022.01.01"]
[EventType "schev"]
[EventCountry "GGB"]
[SourceTitle "playchess.com"]
[Source "ChessBase"]
[SourceQuality "1"]

{[%evp 9,29,22,22,10,16,6,15,4,14,0,0,2,0,-24,-2,-10,0,-10,-10,-14,-9,-12]} 1. e4 e5 2. Nf3 Nc6 3. Bb5 Nf6 {[%cal Bg8f6,Bf6d7,Bd7f8,Bf8e6][%mdl 32]} 4. d3 Bc5 5. Bxc6 dxc6 6. Nbd2 {C65: Ruy Lopez: Berlin Defence (3...Nf6), unusual lines and 4 0-0 Bc5.} Nd7 7. Nc4 f6 $1 {7...f6 scores better than 7...0-0.} 8. O-O Nf8 9. Be3 Bxe3 10. Nxe3 Ne6 {[#]} 11. Qe1 $146 ({Predecessor:} 11. Kh1 O-O 12. Ng1 a5 13. a4 b6 14. Ne2 c5 15. b3 Bb7 16. Qe1 Nd4 17. f4 exf4 18. Rxf4 Nxc2 19. Nxc2 Qxd3 {½-½ (60) Le,Q (2709)-Van Foreest,J (2698) chess24.com INT 2021}) 11... O-O 12. Nd2 {The position is equal.} c5 13. Kh1 b6 14. a4 a5 15. Ndc4 {Not much happened in this game.  Weighted Error Value: White=0.10 (very precise) /Black=0.04 (flawless)} 1/2-1/2

[Event "GibChess Battle of the Sexes 2022"]
[Site "Caleta"]
[Date "2022.01.30"]
[Round "6.1"]
[White "Rosen, Eric"]
[Black "Sebag, Marie"]
[Result "0-1"]
[WhiteElo "2356"]
[BlackElo "2460"]
[Annotator "TA"]
[PlyCount "132"]
[EventDate "2022.01.01"]
[EventType "schev"]
[EventCountry "GGB"]
[SourceTitle "playchess.com"]
[Source "ChessBase"]
[SourceQuality "1"]

{[%evp 9,132,0,20,18,22,27,27,22,45,47,67,81,68,35,23,23,31,31,8,-76,0,0,0,0,18,0,0,-25,0,0,0,0,0,0,0,-23,-23,-39,-39,-176,-175,-178,-103,-541,-297,-276,-297,-285,-264,-310,-310,-310,-310,-279,-279,-381,-381,-381,-258,-484,-481,-372,-375,-484,-476,-605,-605,-605,-608,-605,-581,-585,-520,-563,-502,-527,0,-487,-487,-462,-464,-913,-833,-738,-465,-692,-493,-939,-813,-1136,-1108,-1219,-1061,-2088,-1943,-1499,-1466,-4726,-3020,-29971,-29965,-29977,-29978,-29978,-29979,-29978,-29979,-29977,-29978,-29976,-29976,-29982,-29983,-29983,-29984,-29984,-29985,-29986,-29987,-29990,-29990,-29991,-29992,-29997,-29998]} 1. d4 d5 2. Bf4 c5 3. e3 Nc6 4. Nf3 Nf6 5. Nbd2 Nh5 6. dxc5 {D02: 1 d4 d5 2 Nf3 sidelines, including 2...Nf6 3 g3 and 2...Nf6 3 Bf4.} Nxf4 7. exf4 Qa5 8. c4 {White has an edge.} Qxc5 9. b4 Nxb4 (9... Qxb4 10. cxd5 Nd4 11. Rb1 (11. Nxd4 Qxd4 12. Bb5+ Kd8 $14) 11... Nxf3+ 12. Qxf3 $16) 10. a3 $1 {[#]} Na6 $146 ({Predecessor:} 10... Nc6 11. Nb3 Qb6 12. cxd5 Nb8 13. Rc1 Bd7 14. Ne5 g6 15. Nc4 Qf6 16. Nc5 Bh6 {0-1 (55) Romero Pallares,D (2170)-Santos Ruiz,M (2594) Benasque 2021}) 11. Ne5 (11. cxd5 $5 {[%cal Rf3e5]} f6 12. Bc4 $14) 11... Qa5 {To avoid Qa4+} 12. cxd5 g6 13. Qb3 Bg7 14. d6 (14. Qb5+ $11 Qxb5 15. Bxb5+ Kf8 16. Rc1) 14... Bxe5 (14... O-O $17 15. dxe7 Bxe5 16. exf8=Q+ (16. exf8=R+ Kxf8 17. Rc1 Bxf4 $11) 16... Kxf8) 15. Bb5+ $11 Kf8 ({Resist} 15... Bd7 16. Bxd7+ Kf8 17. dxe7+ (17. Qxb7 $2 Rb8 $19) 17... Kxe7 {[#]} 18. Qe3 $1 $14) 16. fxe5 Bd7 17. dxe7+ Kxe7 18. Be2 {Qe3 is the strong threat.} Bc6 {[#] Strongly threatening ...Rhd8.} 19. Qe3 $1 {aiming for 0-0.} Rhd8 {Active counter play!} 20. Rd1 {Hoping for 0-0.} Ba4 21. Rb1 Bc6 {And now ...Rd5 would win.} 22. Rb2 Bxg2 23. Qg5+ Kf8 {Chess con chili.} 24. Qxg2 (24. Qf6 $1 $15 Bxh1 25. e6) 24... Qxe5 $19 25. Rb5 ({Avoid the trap} 25. Qxb7 $2 Rab8 26. Qf3 Rxb2 $19) 25... Qc3 $40 {[%mdl 128] Black attacks with force.} ({Better is} 25... Nc5 $19 26. Qg3 Qd5) 26. Rd5 {[%mdl 8192]} (26. O-O $17 {is more resistant.} Rxd2 27. Qf3 Qxf3 28. Bxf3) 26... Nc7 27. Rxd8+ Rxd8 28. O-O Qxd2 29. Qxb7 Qxe2 30. Qxc7 {[%mdl 4096] Endgame KQR-KQR} Qg4+ 31. Qg3 Qxg3+ 32. hxg3 {KR-KR} Rd3 33. Ra1 a5 34. a4 $2 (34. g4) 34... Rd4 35. Kg2 h5 36. Kf3 Kg7 37. Ra3 g5 38. Ke3 Rb4 39. Kf3 Kg6 40. Kg2 f6 41. Ra1 Kf5 42. Rh1 Kg6 43. Ra1 h4 44. Ra3 hxg3 45. Kxg3 (45. fxg3 $142 Kh5 46. Rf3) 45... Kf7 46. Kf3 Ke6 47. Ke2 (47. Kg2 $142 Kd5 48. Ra1) 47... Rf4 48. f3 (48. Ke3 $142 Kd5 49. Ra2) 48... Kd5 {White must now prevent ...Kc4.} 49. Rb3 Rxa4 50. Rb6 Ke5 51. Kf2 Rb4 52. Ra6 a4 53. Ra5+ Kf4 {( -> ...Rb2+)} 54. Kg2 Rd4 {Black mates.} 55. Ra6 f5 56. Ra5 Rd2+ 57. Kf1 Ra2 58. Kg1 Kg3 {[%cal Ra2a1]} 59. Kf1 Rf2+ 60. Kg1 Rxf3 61. Rxa4 Rb3 {[%cal Rb3b1]} 62. Ra1 f4 {[%cal Bf5f4,Bf4f3][%mdl 32]} 63. Kh1 f3 64. Rg1+ Kf4 65. Kh2 g4 {[%cal Bg5g4,Bg4g3][%mdl 32]} 66. Rb1 g3+ {Weighted Error Value: White=0.87/Black=0.28 (precise)} 0-1

[Event "GibChess Battle of the Sexes 2022"]
[Site "Caleta"]
[Date "2022.01.30"]
[Round "6.2"]
[White "Brunello, Sabino"]
[Black "Muzychuk, Mariya"]
[Result "1/2-1/2"]
[WhiteElo "2492"]
[BlackElo "2539"]
[Annotator "TA"]
[PlyCount "46"]
[EventDate "2022.01.01"]
[EventType "schev"]
[EventCountry "GGB"]
[SourceTitle "playchess.com"]
[Source "ChessBase"]
[SourceQuality "1"]

{[%evp 24,33,13,20,23,13,13,-42,17,16,0,15]} 1. d4 Nf6 2. Nf3 d5 3. c4 e6 {[%cal Be7e6,Be6e5][%mdl 32]} 4. Nc3 c6 5. e3 Nbd7 6. Qc2 Bd6 7. Bd3 O-O 8. O-O e5 9. cxd5 cxd5 10. e4 exd4 11. Nxd5 Nxd5 12. exd5 h6 13. Nxd4 {13.b3 is not played anymore.} Qh4 {[%csl Gd6][%cal Rh4h2] [#] D46: Semi-Slav: 5 e3 Nbd7 6 Bd3, Black avoids the Meran.} 14. Nf3 Qh5 15. Bh7+ Kh8 {Threatens to win with ...Nf6.} 16. Qf5 Qxf5 17. Bxf5 {[#] An even fight not without its subleties.  Weighted Error Value: White=0.03 (flawless) /Black=0.00 (flawless)} {Predecessor:} Nf6 $146 18. Bxc8 Rfxc8 19. Rd1 Rd8 20. Be3 Be7 21. d6 Rxd6 22. Rxd6 Bxd6 23. Rd1 Be7 {½-½ (58) Duda,J (2743)-Harikrishna,P (2732) Wijk aan Zee 2021} 1/2-1/2

[Event "GibChess Battle of the Sexes 2022"]
[Site "Caleta"]
[Date "2022.01.30"]
[Round "6.3"]
[White "Bwalya, Gillan"]
[Black "Girya, Olga"]
[Result "0-1"]
[WhiteElo "2404"]
[BlackElo "2416"]
[Annotator "TA"]
[PlyCount "124"]
[EventDate "2022.01.01"]
[EventType "schev"]
[EventCountry "GGB"]
[SourceTitle "playchess.com"]
[Source "ChessBase"]
[SourceQuality "1"]

{[%evp 14,124,16,8,39,0,0,0,0,0,0,0,0,0,0,0,0,0,1,0,0,-28,-24,-22,-31,-51,-51,-57,-54,-51,-37,-54,-57,-59,-34,-27,-22,-59,-59,-64,-63,-63,-63,-64,-69,-73,-73,-73,-70,-80,-80,-82,-82,-84,-81,-87,-87,-87,-74,-112,-111,-112,-112,-132,-112,-112,-80,-78,-78,-78,-78,-106,-112,-144,-135,-135,-135,-135,-135,-170,-135,-173,-139,-253,-245,-409,-387,-1171,-772,-29953,-29954,-29954,-29956,-29956,-29957,-29960,-29961,-29960,-29962,-29962,-29963,-29969,-29962,-29962,-29962,-29962,-29960,-29965,-29966,-29960,-11605,-5447,-5065]} 1. d4 Nf6 2. c4 e6 3. Nc3 Bb4 4. Qc2 c5 5. dxc5 O-O 6. Nf3 Na6 7. g3 Nxc5 8. Bg2 Nfe4 {E39: Nimzo-Indian: Classical: 4...c5 5 dxc5 0-0.} 9. O-O (9. Bd2 $5 {[%cal Rc3e4]} Bxc3 10. Bxc3 $11) 9... Bxc3 10. bxc3 b6 $1 {[%mdl 4] The position is equal. is now more promising than 10...d6.} 11. Ng5 d5 12. Nxe4 dxe4 13. Bxe4 Nxe4 14. Qxe4 Ba6 15. Ba3 Re8 16. Rfd1 {Prevents Qd2.} Qc7 {[#]} 17. Bd6 $146 (17. c5 {seems wilder.} bxc5 18. c4 Rad8 19. Bb2 e5 20. Rxd8 Qxd8 21. Rc1) ({Predecessor:} 17. c5 bxc5 18. Qe3 Rac8 19. c4 Bxc4 20. Rdc1 Bd5 21. Bxc5 Qa5 22. Bxa7 Rxc1+ 23. Rxc1 Qxa2 {½-½ (30) Soffer,R (2488)-Givon,A (2471) Tiberias 2016}) 17... Qxc4 18. Qxc4 Bxc4 19. Rd2 Rac8 20. f3 e5 21. a4 e4 22. fxe4 Rxe4 23. a5 h6 24. axb6 axb6 25. Rb1 Rc6 26. Bb4 Rxe2 27. Rxe2 Bxe2 $15 {[%mdl 4096] Endgame KRB-KRB} 28. Re1 Bc4 29. Rd1 Re6 30. Rd2 b5 31. Bc5 Re1+ 32. Kf2 Rc1 33. Bb4 Kh7 34. Ba5 Kg6 35. Bb4 Kf5 36. Kg2 Ke4 {[#] aiming for ...Ke3.} 37. g4 Ke3 38. Rd7 Kf4 39. Rd4+ Ke5 40. Rd2 Bd5+ 41. Kf2 Rh1 42. Ke3 Rg1 43. c4 Bxc4 44. Bc3+ Ke6 45. Bxg7 h5 $1 46. Bf8 Rxg4 47. Rd6+ Kf5 48. Rh6 (48. Rd4 $17 {was called for.}) 48... Rh4 $19 49. Bd6 $2 (49. Kf2) 49... Re4+ 50. Kf3 $2 (50. Kd2 Kg5 51. Bf8) 50... Re6 51. Rxe6 Kxe6 {KB-KB} 52. Bf8 Kd5 53. Ke3 Bf1 54. Kd2 Kc4 55. Be7 f5 {[%cal Bf7f5,Bf5f4,Bf4f3,Bf3f2][%mdl 32]} 56. Bd6 b4 {[%cal Bb5b4,Bb4b3][%mdl 32]} 57. Be5 b3 58. Ke3 Bg2 59. Kd2 Bd5 60. Ke3 f4+ 61. Kd2 f3 {[#] ( -> ...f2)} 62. Ke3 f2 {Weighted Error Value: White=0.36/Black=0.04 (flawless)} 0-1

[Event "GibChess Battle of the Sexes 2022"]
[Site "Caleta"]
[Date "2022.01.30"]
[Round "6.4"]
[White "Aziz, Husain"]
[Black "Batsiashvili, Nino"]
[Result "1-0"]
[WhiteElo "2357"]
[BlackElo "2491"]
[Annotator "TA"]
[PlyCount "79"]
[EventDate "2022.01.01"]
[EventType "schev"]
[EventCountry "GGB"]
[SourceTitle "playchess.com"]
[Source "ChessBase"]
[SourceQuality "1"]

{[%evp 16,79,0,0,0,0,0,0,-1,-65,-52,-291,-272,-271,-262,-282,-300,-286,-308,-237,-227,-271,-274,-472,-24,-22,79,76,184,185,183,175,152,81,177,175,182,178,177,182,162,185,189,175,170,180,177,159,470,461,584,576,571,558,4878,5393,4386,3085,29972,29972,29979,29980,29978,29979,29983,29977]} 1. e4 e5 2. Nf3 Nc6 3. Nc3 Nf6 4. d4 exd4 5. Nxd4 Bb4 6. Nxc6 bxc6 7. Bd3 O-O 8. O-O d5 9. Bd2 Rb8 {C47: Scotch Four Knights and Four Knights with 4 g3.} 10. Re1 Re8 11. a3 Bd6 {[%cal Bb4d6,Bd6h2,Bh2e5][%mdl 32] [#] next ...Ng4 is good for Black. The position is equal.} 12. b4 $146 (12. h3 $11) ({Predecessor:} 12. h3 Rxb2 13. exd5 cxd5 14. Nb5 Ne4 15. Nxd6 Qxd6 16. Bb4 Qf6 17. Qf3 Bf5 18. Bxe4 dxe4 19. Bc3 Qc6 20. Qg3 {1-0 (20) Kryvoruchko,Y (2699)-Banusz,T (2631) Tornelo INT 2021}) 12... Ng4 $15 13. exd5 $2 (13. f4 $15) 13... Bxh2+ $19 14. Kf1 Be5 (14... cxd5 15. Rxe8+ Qxe8 16. Qe2 (16. Nxd5 Qd8 $17) 16... Qxe2+ 17. Kxe2 $15) (14... Rxe1+ 15. Qxe1 cxd5 16. g3 $15 (16. Nxd5 $2 Be5 $17)) 15. f3 {[#]} Qh4 {[%csl Gg4][%cal Rh4f2]} 16. fxg4 Bxg4 17. Rxe5 Rxe5 (17... Bxd1 $2 18. Rxe8+ Rxe8 19. Rxd1) 18. Qc1 Rbe8 19. dxc6 (19. Bf4 Qf6 20. Kg1) 19... Qf6+ $2 (19... Bf5 $19 {( -> ...Bxd3+)} 20. Be2 (20. Kg1 $2 Qd4+ 21. Kh2 Bxd3 $19) 20... Be6) 20. Kg1 $11 Qxc6 (20... Rh5 $11 {keeps the balance.} 21. Ne4 Rxe4 $1 22. Bxe4 Qd4+ 23. Be3 Qxe4) 21. Qf1 $16 R8e6 (21... Bh5 $16 {is a better defense.}) 22. Qf2 $18 h5 23. Qxa7 {Strongly threatening Rf1.} Bf5 24. Rf1 (24. b5 $142 Qd6 25. Bf4 Bxd3 26. cxd3 (26. Qb8+ $2 Kh7 $19)) 24... Rg6 25. Rf2 $1 (25. Qf2 $6 Bxd3 26. cxd3 Rf5 $14) 25... Bxd3 26. cxd3 h4 27. Qd4 h3 {[%cal Rg6g2] [#]} 28. Qd8+ $1 (28. Qxe5 $2 {loses.} Rxg2+ 29. Kh1 (29. Kf1 $2 Rxf2+ 30. Kxf2 Qg2+ 31. Ke1 h2 $19) 29... Rxf2+ 30. Qe4 Qf6 31. Qe8+ Kh7 32. Qe4+ g6 $19) 28... Re8 {[%cal Rg6g2]} 29. Qd5 Qxd5 30. Nxd5 hxg2 {[#]} 31. a4 $1 {Threatens to win with b5.} ({Don't blunder} 31. Rxg2 $2 Rxg2+ 32. Kxg2 Re2+ 33. Kf3 Rxd2 $19) ({Don't do} 31. Nxc7 Rd8 $16) 31... Rg3 $2 (31... c6 $16 {is more resistant.}) 32. b5 {[%cal Bb4b5,Bb5b6,Bb6b7][%mdl 32]} Rxd3 33. Nxc7 Red8 {[#]} 34. b6 $1 Rxd2 (34... f6 35. a5) 35. Rxd2 Rxd2 {KR-KN} 36. b7 Rd8 37. a5 {[%cal Ba4a5,Ba5a6][%mdl 32] White mates.} Rb8 38. a6 Kh7 39. Nd5 f5 40. Kxg2 {Weighted Error Value: White=0.27 (precise) /Black=0.65} 1-0

[Event "GibChess Battle of the Sexes 2022"]
[Site "Caleta"]
[Date "2022.01.30"]
[Round "6.5"]
[White "Csonka, Balazs"]
[Black "Cramling, Pia"]
[Result "1-0"]
[WhiteElo "2480"]
[BlackElo "2452"]
[Annotator "TA"]
[PlyCount "79"]
[EventDate "2022.01.01"]
[EventType "schev"]
[EventCountry "GGB"]
[SourceTitle "playchess.com"]
[Source "ChessBase"]
[SourceQuality "1"]

{[%evp 14,79,22,30,39,11,73,64,71,68,83,79,103,96,91,85,92,75,77,47,43,35,59,55,53,58,54,49,53,56,68,58,106,51,79,80,76,65,77,61,114,114,119,99,109,105,118,116,127,93,137,122,227,205,302,286,277,282,362,374,396,380,476,421,787,741,604,403]} 1. e4 c5 2. c3 Nf6 3. e5 Nd5 4. Nf3 Nc6 5. Bc4 {[%cal Bf1c4,Bc4b3,Bb3c2][%mdl 32]} Nb6 6. Bb3 c4 7. Bc2 d6 8. exd6 e5 {B22: Sicilian: 2 c3.} 9. O-O (9. a4 $5 {[%cal Ra4a5]}) 9... Qxd6 (9... Bxd6 $11 10. d3 f5) 10. b3 $16 Be7 {White is slightly better.} 11. Re1 cxb3 12. axb3 {[%cal Of3e5] [#]} Qc7 $146 ({Predecessor:} 12... O-O 13. Ba3 Qf6 14. Bxe7 Qxe7 15. d4 Bg4 16. Qd3 g6 17. Nxe5 Nxe5 18. Rxe5 Qc7 {1-0 (31) Semjonovs,I (2207)-Potapov,P (2464) Tallinn 2019}) 13. d4 exd4 14. Nxd4 {And now Nb5 would win.} O-O 15. Nxc6 {White is more active.} bxc6 16. Qh5 {[%csl Gc2][%cal Rh5h7]} g6 $1 17. Qf3 Nd5 18. Bh6 Rd8 19. c4 Nb4 20. Qc3 {[%csl Gh6][%cal Rc3g7]} f6 21. Be4 $36 {[%mdl 2048] Black is under pressure.} a5 22. Nd2 Bb7 (22... Bf8 $14 23. Bxf8 Rxf8) 23. Nf3 (23. c5 $16) 23... Bf8 24. Bxf8 Rxf8 25. Nd4 {aiming for Ne6.} (25. c5 {seems wilder.} Rad8 26. Nd4 Rfe8 27. Nc2 f5 28. Bf3) 25... Rae8 {Inhibits Ne6.} 26. Bf3 {Strongly threatening Ne6.} Qd7 {Inhibits Ne6.} (26... Bc8 $14) 27. Red1 ({Don't blunder} 27. Rxa5 $2 {[#]} Qxd4 $3 {[%mdl 512]} 28. Qxb4 c5 $1 29. Rxc5 (29. Rxe8 $2 Rxe8 $19) 29... Qxc5 $3 $19 {[%mdl 512]}) 27... Qc7 28. Nc2 Nxc2 29. Qxc2 Re5 30. Qc3 Rfe8 31. h4 Ba6 (31... c5 $142) 32. Ra2 Qb6 (32... Kg7 $16 33. g3 R8e7) 33. Rda1 $18 Bb7 (33... Bc8 $142 34. Rxa5 Rxa5 35. Rxa5 (35. Qxa5 Qxa5 36. Rxa5 Bd7 $16) 35... h5) 34. Rxa5 Rxa5 35. Rxa5 Bc8 36. b4 Kg7 37. h5 Be6 38. g3 {White is clearly winning.} Rd8 (38... Bc8 $142 39. g4 h6 40. hxg6 Qc7) 39. c5 Qc7 40. Qa1 {Weighted Error Value: White=0.12 (very precise) /Black=0.27 (precise)} 1-0

[Event "GibChess Battle of the Sexes 2022"]
[Site "Caleta"]
[Date "2022.01.30"]
[Round "6.6"]
[White "Haria, Ravi"]
[Black "Sukandar, Irine Kharisma"]
[Result "1-0"]
[WhiteElo "2490"]
[BlackElo "2407"]
[Annotator "TA"]
[PlyCount "49"]
[EventDate "2022.01.01"]
[EventType "schev"]
[EventCountry "GGB"]
[SourceTitle "playchess.com"]
[Source "ChessBase"]
[SourceQuality "1"]

{[%evp 12,49,16,8,14,22,4,0,0,0,0,0,10,10,10,9,11,12,0,-9,73,65,62,64,145,170,134,89,407,348,433,447,877,874,856,856,840,820,740,444]} 1. e4 e5 2. Nf3 Nc6 3. Bc4 Bc5 4. c3 Nf6 5. d3 {[%cal Bd2d3,Bd3d4][%mdl 32]} O-O 6. O-O d6 7. Re1 $1 {[%mdl 4] is more profitable than 7.Bb3 at the moment.} a5 {C54: Giuoco Piano: 4 c3 Nf6, main lines with 5 d4 and 5 d3.} 8. h3 h6 9. d4 Bb6 {[%cal Of6e4] The position is equal.} 10. Bb3 Re8 11. Bc2 Bd7 {[#]} 12. Be3 $146 ({Predecessor:} 12. a3 Qb8 13. Qd3 Qa7 14. Be3 d5 15. Nbd2 exd4 16. Bxd4 Nxd4 17. Nxd4 Bxd4 18. Qxd4 Qxd4 19. cxd4 dxe4 20. Nxe4 Re6 21. Rac1 Kf8 {½-½ (22) Roques,P (2374)-Fraczek,D (2338) ICCF email 2014}) 12... exd4 13. Bxd4 Nxd4 14. cxd4 Nh5 15. Qd2 f5 (15... Qf6 $11) 16. Nc3 $16 {[%cal Bb1c3,Bc3d5,Bd5e7,Be7g6][%mdl 32] Black must now prevent Bb3+.} fxe4 17. Bxe4 Rf8 {[#]} ({Black should play} 17... c6 $14) 18. Nd5 $1 {aiming for Bg6.} ({But not} 18. Bxb7 Rb8 19. Be4 Nf4 $16) 18... Kh8 {[#]} 19. Bc2 $1 {Qe3 is the strong threat. White is more active.} Bxh3 $2 {[%mdl 8192] A mistake that costs the game.} 20. Ne7 $18 (20. Qd3 Bf5 21. Qxf5 Rxf5 22. Bxf5 g5 $11) 20... Nf4 {Prevents Qd3.} 21. Nh4 {White is clearly winning.} ({Weaker is} 21. gxh3 Nxh3+ 22. Kg2 Nf4+ 23. Kh1 Qd7 $18) 21... Bd7 (21... Bg4 $142 22. Nhg6+ Nxg6 23. Nxg6+ Kg8 24. Ne7+ Kh8) 22. Nhg6+ Nxg6 23. Nxg6+ Kg8 24. Ne7+ ({Less strong is} 24. Bb3+ Kh7 25. Nxf8+ Qxf8 $18) 24... Kh8 25. Qd3 {Weighted Error Value: White=0.01 (flawless) /Black=0.63} 1-0